| 000 | 00924nam a2200241Ia 4500 | ||
|---|---|---|---|
| 001 | 18114 | ||
| 003 | GE_BSU | ||
| 008 | 181216s||||||||xx |||||||||||||| ||und|| | ||
| 020 | _a978-9941-12-308-5 | ||
| 040 | _cGE_BSU | ||
| 080 | _a81(479.22)(092) | ||
| 245 | _aკავკასიის დიდი შვილი = Великий сын Кавказа = Tht great son of Caucasus : არნოლდ ჩიქობავა 110 | ||
| 245 | _cრედ. ც. ბარამიძე | ||
| 250 | _aთსუ, ჰუმანიტ. მეცნ. ფაკ., კავკას. ინ-ტი | ||
| 260 | _aთბილისი | ||
| 260 | _bუნივერსალი | ||
| 260 | _c2008. | ||
| 300 | _a28გვ. : ილ. ; 26სმ. | ||
| 541 | _h3ლ. | ||
| 653 | _aარნოლდ ჩიქობავა 110 | ||
| 653 | _aკავკასიის დიდი შვილი | ||
| 942 | _cBK | ||
| 999 |
_c51155 _d51155 |
||